2021-22 UEFA Europa League Results - Statistics

General Stats
  • This quiz has been taken 437 times
  • The average score is 25 of 40
Answers on the Map
Answers color-coded by a green-red scale on the quiz's map according to % correct below.
 
Answer Stats
Club % Correct
๐Ÿ‡ซ๐Ÿ‡ท Lyon
92%
๐Ÿด๓ ง๓ ข๓ ณ๓ ฃ๓ ด๓ ฟ Rangers
89%
๐Ÿ‡ฉ๐Ÿ‡ช Eintracht Frankfurt
84%
๐Ÿ‡ช๐Ÿ‡ธ Sevilla
78%
๐Ÿด๓ ง๓ ข๓ ฅ๓ ฎ๓ ง๓ ฟ West Ham United
76%
๐Ÿ‡ช๐Ÿ‡ธ Barcelona
75%
๐Ÿด๓ ง๓ ข๓ ณ๓ ฃ๓ ด๓ ฟ Celtic
75%
๐Ÿ‡ฎ๐Ÿ‡น Atalanta
73%
๐Ÿ‡น๐Ÿ‡ท Galatasaray
73%
๐Ÿ‡ต๐Ÿ‡น Porto
71%
๐Ÿ‡ซ๐Ÿ‡ท Marseille
70%
๐Ÿ‡ณ๐Ÿ‡ฑ PSV Eindhoven
70%
๐Ÿ‡ฎ๐Ÿ‡น Lazio
69%
๐Ÿ‡ต๐Ÿ‡น Braga
68%
๐Ÿ‡ฎ๐Ÿ‡น Napoli
68%
๐Ÿ‡ฉ๐Ÿ‡ช RB Leipzig
68%
๐Ÿ‡จ๐Ÿ‡ฟ Sparta Prague
68%
๐Ÿ‡ฉ๐Ÿ‡ช Bayer 04 Leverkusen
67%
๐Ÿ‡ฉ๐Ÿ‡ช Borussia Dortmund
66%
๐Ÿ‡ฌ๐Ÿ‡ท Olympiacos
65%
๐Ÿ‡ท๐Ÿ‡บ Zenit St Petersburg
63%
๐Ÿ‡ง๐Ÿ‡ช Genk
61%
๐Ÿ‡ญ๐Ÿ‡ท Dinamo Zagreb
60%
๐Ÿ‡น๐Ÿ‡ท Fenerbahรงe
60%
๐Ÿ‡ซ๐Ÿ‡ท Monaco
60%
๐Ÿด๓ ง๓ ข๓ ฅ๓ ฎ๓ ง๓ ฟ Leicester City
59%
๐Ÿ‡ช๐Ÿ‡ธ Real Betis
59%
๐Ÿ‡ต๐Ÿ‡ฑ Legia Warsaw
56%
๐Ÿ‡ท๐Ÿ‡ธ Red Star Belgrade
56%
๐Ÿ‡ช๐Ÿ‡ธ Real Sociedad
55%
๐Ÿ‡ท๐Ÿ‡บ Spartak Moscow
54%
๐Ÿ‡ง๐Ÿ‡ช Antwerp
52%
๐Ÿ‡ญ๐Ÿ‡บ Ferencvรกros
52%
๐Ÿ‡ท๐Ÿ‡บ Lokomotiv Moscow
51%
๐Ÿ‡ฆ๐Ÿ‡น Rapid Wien
51%
๐Ÿ‡ฒ๐Ÿ‡ฉ Sheriff Tiraspol
49%
๐Ÿ‡ง๐Ÿ‡ฌ Ludogorets
46%
๐Ÿ‡ฉ๐Ÿ‡ฐ Brรธndby
41%
๐Ÿ‡ฉ๐Ÿ‡ฐ Midtjylland
40%
๐Ÿ‡ฆ๐Ÿ‡น Sturm Graz
38%
No matching quizzes found
Score Distribution
Percent of People with Each Score
Percentile by Number Answered
Your Score History
You have not taken this quiz